000 02543njm0a2200529 4500
001 RU\NLR\ONIZ\224758
005 20250708192921.0
035 _a(NLR Aleph) 011903820
035 _aRU\NLR\ONIZ\GALA\5000033952\20181221141751
071 0 0 _a054100
090 _a13283790
_c13283790
100 _a20181221f19001999|||y0rusy50 ca
102 _aRU
126 _aaguxexu ux
_bxxx
127 _a000010
135 _ahonoannnanndn
200 1 _aRigoletto
_bЗвукозапись
_ePiangi fanciulla [Rigoletto & Gilda duet , II act]
_f[G.] Verdi
_gисполн.: M. Galvany [soprano], T. Ruffo [baritone], Mo/ direttore d'orchestra C. Sanaino (Milano)
210 _aS. l.
_cGramophone Monarch Record
_d[19--]
215 _a1грп.(10 мин): 78 об/мин, моно; 30 см, в конв.
300 _a(грп. односторонняя)
325 _aКопия доступна в электронной библиотеке РНБ
500 0 0 _aРиголетто
_iДуэт Джильды и Риголетто, 2 д.
_bЗвукозапись
_lопера
_rсопрано и баритон, с орк.
606 1 _aОперные певцы зарубежные
_xЗвукозапись
_yИталия
_z20 в. нач.
_2nlr_sh
686 _aЩ942.19-071(4Ит)
_vLBC/SL
_2rubbk
700 1 _9z01790
_aВерди
_bД.
_f1813-1901
_gДжузеппе
_4230
_7ca
702 1 _9z08790
_aСабайно
_bК.
_cдирижер
_f1874-1938
_gКарло
_4250
_7ca
702 1 _9z09790
_aГальвани
_bМ.
_f1878-1949
_gМария
_4590
_4vso
_7ca
702 1 _9z10790
_aРуффо
_bТ.
_f1877-1953
_gТитта
_4590
_4vbr
790 1 _9z01700
_aVerdi
_bD. F. F.
_f1813-1901
_gDžuzeppe Fortunino Frančesko
_4230
_7ba
790 1 _9z08702
_aSabajno
_bC.
_f1874-1938
_gCarlo
_4250
_7ba
790 1 _9z09702
_aGalvany
_bM.
_f1878-1949
_gMarija
_4590
_4vso
_7ba
790 1 _9z10702
_aRuffo
_bT.
_f1877-1953
_gTitta
_4590
_4vbr
801 0 _aRU
_bNLR
_c20181221
_gPSBO
801 1 _aRU
_bNLR
_c20181221
_2rusmarc
801 2 _aRU
_bNLR
_c20181221
852 _aNLR
_bМг
_j3к/2953
_p16996
_t1
856 0 _uhttps://vivaldi.nlr.ru/mk000000684/view
856 1 _uhttps://vivaldi.nlr.ru/mk000000684/cover
856 2 _uhttps://vivaldi.nlr.ru/mk000000684/text
942 _cREC
980 _aNB
980 _aONIZ
981 2 4 _a(24) Нотные издания и аудиозаписи
_b(24) Грампластинки